All EFL Championship Playoff Winners - Statistics

General Stats
  • This quiz has been taken 402 times
    100 since last reset
  • The average score is 16 of 21
Answer Stats
Year Team % Correct
2025 Sunderland
96%
2024 Southampton
86%
2023 Luton Town
82%
2020 Fulham
81%
2018 Fulham
81%
2019 Aston Villa
80%
2012 West Ham
78%
2005 West Ham
78%
2021 Brentford
77%
2016 Hull City
77%
2008 Hull City
77%
2015 Norwich City
77%
2009 Burnley
73%
2022 Nottingham Forest
72%
2006 Watford
72%
2011 Swansea
68%
2014 QPR
67%
2013 Crystal Palace
66%
2017 Huddersfield
63%
2010 Blackpool
61%
2007 Derby
58%
No matching quizzes found
Score Distribution
Percent of People with Each Score
Percentile by Number Answered
Your Score History
You have not taken this quiz since the last reset